00450 2200181 4500001002100000005001500021008004100036020002000077035001900097041000700116082000800123090001400131100002600145245002200171260003700193300001800230650002000248INLIS00000000001524020241224114909241224||||||||| | ||| |||| || |  a978-84236-815-2 0010-1224015240 aid0 a500 a500 POL a0 aCamila de la Bedoyere00a100 fakta tentang aJakartabErlangga For Kidsc2006 a48hlm;17x25cm 0ailmu ilmu murni